[Event "Open 2004 des PSV Rostock"]
[Site "Rostock"]
[Date "2004.08.28"]
[Round "6.15"]
[White "Ott, Mathias"]
[Black "Schroeder, Christian"]
[Result "0-1"]
[WhiteElo "1965"]
[BlackElo "2100"]
[PlyCount "106"]
[EventDate "2004.08.26"]
[EventType "swiss"]
[EventRounds "7"]
[EventCountry "GER"]
[Source "Th. Schwetlick"]
[SourceDate "2004.09.01"]

1. d4 d5 2. c4 c6 3. Nf3 Nf6 4. Nc3 g6 5. Bg5 Bg7 6. e3 O-O 7. Qb3 dxc4 8. Bxc4
Nbd7 9. O-O h6 10. Bh4 g5 11. Bg3 Nh5 12. Be5 Nb6 13. Bd3 Be6 14. Qc2 f6 15.
Bg3 Nxg3 16. fxg3 Rc8 17. Rad1 Qc7 18. Qe2 Bg4 19. Bb1 e6 20. Qd3 f5 21. h3 Bh5
22. g4 Bg6 23. h4 Bf6 24. hxg5 hxg5 25. gxf5 Bxf5 26. e4 Bg6 27. Qe3 g4 28. Nh2
g3 29. Ng4 Bg7 30. e5 Bxb1 31. Rxb1 Qd8 32. Ne4 Qh4 33. Ngf6+ Bxf6 34. Nxf6+
Kg7 35. Rf4 Qh2+ 36. Kf1 Nd5 37. Rg4+ Kh8 38. Qe4 Rxf6+ 39. exf6 Nxf6 40. Qe5
Rf8 41. Rxg3 Qh1+ 42. Ke2 Qxb1 43. Rh3+ Kg7 44. Qc7+ Rf7 45. Rg3+ Kf8 46. Qd6+
Ke8 47. Qb8+ Ke7 48. Qxb7+ Nd7 49. Qb3 Qf1+ 50. Kd2 Rf2+ 51. Kc3 Rxg2 52. Re3
Qc1+ 53. Kb4 Rxb2 0-1

[Event "Open 2004 des PSV Rostock"]
[Site "Rostock"]
[Date "2004.08.28"]
[Round "6.16"]
[White "Jaeger, Frank"]
[Black "Reschke, Heiko"]
[Result "0-1"]
[WhiteElo "1711"]
[BlackElo "2085"]
[PlyCount "54"]
[EventDate "2004.08.26"]
[EventType "swiss"]
[EventRounds "7"]
[EventCountry "GER"]
[Source "Th. Schwetlick"]
[SourceDate "2004.09.01"]

1. e4 c6 2. d4 d5 3. Nc3 g6 4. Nf3 Bg7 5. Bf4 Bg4 6. exd5 cxd5 7. Nb5 Na6 8.
Bd3 Nf6 9. O-O O-O 10. c3 Nh5 11. Be3 Nc7 12. h3 Bd7 13. Na3 b5 14. Qe2 a6 15.
Rfe1 Ne6 16. Qd2 Qb8 17. Ne5 Rd8 18. g4 Bxe5 19. gxh5 Bh2+ 20. Kh1 Nf4 21. Bf1
Nxh5 22. Bg5 f6 23. Rxe7 Bd6 24. Rae1 Bxe7 25. Rxe7 Qd6 26. Re1 fxg5 27. Qxg5
Re8 0-1

[Event "Open 2004 des PSV Rostock"]
[Site "Rostock"]
[Date "2004.08.28"]
[Round "6.17"]
[White "Seiler, Dirk"]
[Black "Moeller, Peter"]
[Result "1/2-1/2"]
[WhiteElo "1924"]
[BlackElo "2134"]
[PlyCount "98"]
[EventDate "2004.08.26"]
[EventType "swiss"]
[EventRounds "7"]
[EventCountry "GER"]
[Source "Th. Schwetlick"]
[SourceDate "2004.09.01"]

1. d4 g6 2. c4 Bg7 3. Nc3 d6 4. e4 Nd7 5. f3 e5 6. d5 f5 7. exf5 gxf5 8. Bd3
Nc5 9. Nge2 Qh4+ 10. g3 Qh5 11. O-O Nxd3 12. Qxd3 Nf6 13. Be3 O-O 14. Qd2 b6
15. Rac1 a6 16. b4 a5 17. b5 Bd7 18. Rf2 Rae8 19. Rcf1 Re7 20. Bg5 Ref7 21.
Bxf6 Rxf6 22. f4 e4 23. Nd4 Re8 24. Re1 Rf7 25. Re3 Rfe7 26. Nce2 Qg6 27. a4
Kh8 28. Kf1 Bf6 29. Ke1 h5 30. Kd1 Rh7 31. h4 Qg7 32. Kc2 Rh6 33. Rf1 Rg6 34.
Rd1 Rg8 35. Kb3 Qe7 36. Rh1 Kh7 37. Kc2 Rg4 38. Kb3 Kh6 39. Qd1 R8g6 40. Kc2
Qg7 41. Rh3 Qe7 42. Qh1 Kh7 43. Kb3 Kg8 44. Kc2 Kf8 45. Kb3 Ke8 46. Kc2 Kd8 47.
Kb3 Kc8 48. Kc2 Qg7 49. Qd1 Qe7 1/2-1/2

[Event "Open 2004 des PSV Rostock"]
[Site "Rostock"]
[Date "2004.08.28"]
[Round "6.18"]
[White "Hellmann, Norbert"]
[Black "Laser, Dirk"]
[Result "1-0"]
[WhiteElo "2137"]
[BlackElo "1822"]
[PlyCount "55"]
[EventDate "2004.08.26"]
[EventType "swiss"]
[EventRounds "7"]
[EventCountry "GER"]
[Source "Th. Schwetlick"]
[SourceDate "2004.09.01"]

1. e4 c5 2. Nf3 d6 3. g3 Nc6 4. Bg2 g6 5. O-O Bg7 6. c3 Nf6 7. d3 O-O 8. h3 b5
9. Re1 Qc7 10. Be3 Rb8 11. Nbd2 b4 12. d4 bxc3 13. bxc3 Qa5 14. Nb3 Qxc3 15.
Rc1 Qb2 16. Rc2 Qa3 17. dxc5 Nb4 18. Bc1 Qa4 19. Rc4 Be6 20. Rxb4 Qxb4 21. e5
dxe5 22. Nxe5 Bxb3 23. axb3 Qxc5 24. Nc6 Rb7 25. b4 Qd6 26. Qxd6 exd6 27. Ne7+
Rxe7 28. Rxe7 1-0

[Event "Open 2004 des PSV Rostock"]
[Site "Rostock"]
[Date "2004.08.28"]
[Round "6.19"]
[White "Kolbe, Jana"]
[Black "Hamann, Dirk"]
[Result "1-0"]
[WhiteElo "2072"]
[BlackElo "1818"]
[PlyCount "99"]
[EventDate "2004.08.26"]
[EventType "swiss"]
[EventRounds "7"]
[EventCountry "GER"]
[Source "Th. Schwetlick"]
[SourceDate "2004.09.01"]

1. d4 Nf6 2. c4 e5 3. dxe5 Ng4 4. Bf4 Nc6 5. Nf3 Bb4+ 6. Nc3 Qe7 7. Qd5 Bxc3+
8. bxc3 f6 9. exf6 Nxf6 10. Qd2 d6 11. e3 O-O 12. Qc2 Bg4 13. Nd4 Nd7 14. Bg3
Nc5 15. Be2 Bxe2 16. Qxe2 Ne4 17. Qc2 Rae8 18. O-O h5 19. c5 Nxc5 20. Qg6 Qf7
21. Qc2 Qf6 22. Nf3 Qf5 23. Qb2 Qg6 24. Kh1 Qg4 25. h3 Qe4 26. Ng5 Qf5 27. Bh4
Ne5 28. Qe2 Qg6 29. a3 Kh8 30. Rab1 Nf7 31. Nf3 Qh6 32. Rb5 g5 33. Bg3 g4 34.
Nh4 gxh3 35. gxh3 Ng5 36. Qc2 Nge4 37. Bf4 Qh7 38. Qd1 Re6 39. Qd4+ Qg7 40. Rg1
Qxd4 41. cxd4 a6 42. Rbb1 Nxf2+ 43. Kh2 Ncd3 44. Ng6+ Rxg6 45. Rxg6 Nxf4 46.
exf4 Kh7 47. Re6 Nd3 48. Rxb7 Nxf4 49. Rxc7+ Kg8 50. Rxd6 1-0

[Event "Open 2004 des PSV Rostock"]
[Site "Rostock"]
[Date "2004.08.28"]
[Round "6.20"]
[White "Herde, Dittmar"]
[Black "Knoblauch, Raphael"]
[Result "0-1"]
[WhiteElo "2022"]
[BlackElo "1609"]
[PlyCount "84"]
[EventDate "2004.08.26"]
[EventType "swiss"]
[EventRounds "7"]
[EventCountry "GER"]
[Source "Th. Schwetlick"]
[SourceDate "2004.09.01"]

1. d4 Nf6 2. c4 g6 3. Nc3 Bg7 4. e4 O-O 5. Be2 d6 6. Bg5 c6 7. Qd2 a6 8. Nf3 b5
9. a3 Nbd7 10. O-O Qc7 11. Rac1 Qb8 12. Rfe1 Re8 13. Bd3 e5 14. d5 cxd5 15.
cxd5 Nc5 16. Qc2 b4 17. Na4 b3 18. Qc4 Nfd7 19. Be3 Nxd3 20. Qxd3 f5 21. Ng5 f4
22. Bd2 Qb5 23. Qxb5 axb5 24. Nc3 Nc5 25. Red1 Bd7 26. Be1 h6 27. Nf3 Rac8 28.
Nd2 Nd3 29. Rb1 Nxb2 30. Rxb2 Rxc3 31. Nxb3 Rc4 32. f3 Rec8 33. Bb4 Bf8 34.
Rdd2 g5 35. Kf2 h5 36. Na5 R4c7 37. Ke2 g4 38. Kd1 Rc1+ 39. Ke2 Rg1 40. Kd3 Rh1
41. Rdc2 Rxh2 42. Nb7 gxf3 0-1

[Event "Open 2004 des PSV Rostock"]
[Site "Rostock"]
[Date "2004.08.28"]
[Round "6.22"]
[White "Ernst, Mathias"]
[Black "Bahr, Enrico"]
[Result "0-1"]
[WhiteElo "1713"]
[BlackElo "1893"]
[PlyCount "114"]
[EventDate "2004.08.26"]
[EventType "swiss"]
[EventRounds "7"]
[EventCountry "GER"]
[Source "Th. Schwetlick"]
[SourceDate "2004.09.01"]

1. e4 d5 2. d4 dxe4 3. Nc3 Bf5 4. f3 e3 5. Bxe3 Nf6 6. Bd3 Bxd3 7. Qxd3 c6 8.
O-O-O e6 9. g4 Na6 10. a3 Nc7 11. Nge2 Nfd5 12. Nxd5 Nxd5 13. f4 Be7 14. g5 Qa5
15. Bd2 Qc7 16. f5 exf5 17. Qxf5 Qd7 18. Ng3 Qxf5 19. Nxf5 g6 20. Ng3 O-O 21.
Ne4 f5 22. gxf6 Nxf6 23. Nxf6+ Bxf6 24. Bb4 Rf7 25. c4 Rd8 26. d5 cxd5 27. Rxd5
Rfd7 28. Rhd1 Rxd5 29. cxd5 Be5 30. h3 Kf7 31. Rd3 g5 32. b3 Kg6 33. Kd1 Kf5
34. Ke2 Bd6 35. Rf3+ Kg6 36. Bc3 Be7 37. Re3 Bxa3 38. Re6+ Kf5 39. Kf3 Rf8 40.
Bg7 Rf7 41. Bd4 b6 42. Rc6 h5 43. Re6 g4+ 44. hxg4+ hxg4+ 45. Kg3 Re7 46. Rf6+
Ke4 47. Bxb6 axb6 48. Rxb6 Kf5 49. Ra6 Re3+ 50. Kg2 Rxb3 51. d6 Rd3 52. d7 Be7
53. Ra5+ Kf4 54. Ra4+ Kg5 55. Ra5+ Kh4 56. Ra2 Rxd7 57. Re2 Bg5 0-1

[Event "Open 2004 des PSV Rostock"]
[Site "Rostock"]
[Date "2004.08.28"]
[Round "6.23"]
[White "Zur, Jan"]
[Black "Fischer, Joachim"]
[Result "1-0"]
[WhiteElo "1840"]
[BlackElo "1442"]
[PlyCount "43"]
[EventDate "2004.08.26"]
[EventType "swiss"]
[EventRounds "7"]
[EventCountry "GER"]
[Source "Th. Schwetlick"]
[SourceDate "2004.09.01"]

1. e4 e5 2. Nf3 Nc6 3. d4 exd4 4. Bc4 Nf6 5. O-O Nxe4 6. Re1 d5 7. Bxd5 Qxd5 8.
Nc3 Qa5 9. Nxe4 Be6 10. Neg5 O-O-O 11. Nxe6 fxe6 12. Rxe6 Bd6 13. Bg5 Rdf8 14.
Bh4 Qh5 15. Bg3 Bxg3 16. hxg3 Qf5 17. Qe2 Rd8 18. Rd1 Rd7 19. Rxc6 bxc6 20.
Qa6+ Kb8 21. Rd3 Qc5 22. Rb3+ 1-0

[Event "Open 2004 des PSV Rostock"]
[Site "Rostock"]
[Date "2004.08.28"]
[Round "6.24"]
[White "Boehm, Matthias"]
[Black "Boettcher, Patrick"]
[Result "0-1"]
[WhiteElo "1704"]
[BlackElo "1949"]
[PlyCount "58"]
[EventDate "2004.08.26"]
[EventType "swiss"]
[EventRounds "7"]
[EventCountry "GER"]
[Source "Th. Schwetlick"]
[SourceDate "2004.09.01"]

1. e4 c5 2. Nc3 Nc6 3. g3 g6 4. Bg2 Bg7 5. f4 d6 6. Nf3 e6 7. d3 Nge7 8. O-O
O-O 9. Be3 Nd4 10. Rb1 Nec6 11. Ne2 b6 12. c3 Nxf3+ 13. Bxf3 Ba6 14. Kh1 Rc8
15. Qd2 d5 16. Rfd1 d4 17. Bf2 Qd7 18. c4 e5 19. Ra1 Bb7 20. Rf1 Kh8 21. g4
exf4 22. Nxf4 Ne5 23. Bd1 f5 24. gxf5 gxf5 25. Nd5 fxe4 26. dxe4 Nxc4 27. Qg5
Rce8 28. Bg4 Qd8 29. Qh5 Re5 0-1

[Event "Open 2004 des PSV Rostock"]
[Site "Rostock"]
[Date "2004.08.28"]
[Round "6.26"]
[White "Micheel, Peter"]
[Black "Loeke, Patrick"]
[Result "1/2-1/2"]
[WhiteElo "1844"]
[BlackElo "1666"]
[PlyCount "87"]
[EventDate "2004.08.26"]
[EventType "swiss"]
[EventRounds "7"]
[EventCountry "GER"]
[Source "Th. Schwetlick"]
[SourceDate "2004.09.01"]

1. e4 c5 2. c3 Nf6 3. e5 Nd5 4. Nf3 d6 5. exd6 exd6 6. d4 Be7 7. Bc4 Nb6 8. Bb3
O-O 9. O-O Nc6 10. Bf4 Bf5 11. d5 Na5 12. Bc2 Bxc2 13. Qxc2 Nxd5 14. Bg3 Nf6
15. Nbd2 Nh5 16. Rad1 Nxg3 17. hxg3 Qc7 18. Ne4 Rad8 19. Neg5 Bxg5 20. Nxg5 g6
21. f4 Nc4 22. Rfe1 Rfe8 23. Rxe8+ Rxe8 24. Qb3 h6 25. Qxc4 hxg5 26. Qd5 gxf4
27. gxf4 Re6 28. f5 gxf5 29. Qxf5 Qe7 30. Qg4+ Kf8 31. Qh3 Re1+ 32. Rxe1 Qxe1+
33. Kh2 Qe5+ 34. Kh1 f5 35. Qh6+ Ke8 36. Qh7 Qe4 37. Kh2 Kd8 38. Kh3 Kc8 39.
Qh6 Kc7 40. Qd2 f4 41. Qf2 Qf5+ 42. Kh4 b6 43. Qe2 Qe5 44. Qf3 1/2-1/2

[Event "Open 2004 des PSV Rostock"]
[Site "Rostock"]
[Date "2004.08.28"]
[Round "6.27"]
[White "Heinisch, Uwe"]
[Black "Krueger, Alexander"]
[Result "0-1"]
[WhiteElo "1587"]
[BlackElo "1768"]
[PlyCount "58"]
[EventDate "2004.08.26"]
[EventType "swiss"]
[EventRounds "7"]
[EventCountry "GER"]
[Source "Th. Schwetlick"]
[SourceDate "2004.09.01"]

1. d4 d5 2. Nf3 Nf6 3. e3 e6 4. Bd3 Bd6 5. Nbd2 Nbd7 6. O-O c5 7. c3 O-O 8. Qe2
Re8 9. e4 e5 10. dxc5 Nxc5 11. Re1 Nxd3 12. Qxd3 Bc7 13. exd5 Qxd5 14. Qxd5
Nxd5 15. Nc4 f6 16. Bd2 Bg4 17. Ne3 Bxf3 18. gxf3 Nf4 19. b3 Red8 20. Rad1 Nd3
21. Re2 Kf7 22. c4 Nf4 23. Ree1 Bb6 24. Bb4 Bd4 25. Rd2 a5 26. Ba3 Bxe3 27.
Rxd8 Bxf2+ 28. Kxf2 Rxd8 29. Kg3 Rd2 0-1

[Event "Open 2004 des PSV Rostock"]
[Site "Rostock"]
[Date "2004.08.28"]
[Round "6.28"]
[White "Krieg, Peter"]
[Black "Eichstaedt, Enrico"]
[Result "1-0"]
[WhiteElo "1712"]
[BlackElo "1555"]
[PlyCount "51"]
[EventDate "2004.08.26"]
[EventType "swiss"]
[EventRounds "7"]
[EventCountry "GER"]
[Source "Th. Schwetlick"]
[SourceDate "2004.09.01"]

1. e4 e5 2. f4 d5 3. Nf3 dxe4 4. Nxe5 Bd6 5. d4 Nf6 6. Bc4 O-O 7. O-O Bf5 8.
Nc3 c5 9. Nb5 cxd4 10. Qxd4 Bc7 11. Qxd8 Bxd8 12. Be3 Nbd7 13. Nd6 Nxe5 14.
fxe5 Ng4 15. Nxf5 Nxe3 16. Nxe3 Bb6 17. Rfe1 Rac8 18. Bb3 Rc5 19. Kf1 Rxe5 20.
Ke2 Rg5 21. g3 g6 22. Rad1 Kh8 23. Rd5 Rxd5 24. Nxd5 Bc5 25. Nf6 e3 26. Nd7 1-0

[Event "Open 2004 des PSV Rostock"]
[Site "Rostock"]
[Date "2004.08.28"]
[Round "6.29"]
[White "Vladov, Mark"]
[Black "Rath, Wolfgang"]
[Result "1/2-1/2"]
[WhiteElo "1689"]
[BlackElo "1642"]
[PlyCount "32"]
[EventDate "2004.08.26"]
[EventType "swiss"]
[EventRounds "7"]
[EventCountry "GER"]
[Source "Th. Schwetlick"]
[SourceDate "2004.09.01"]

1. Nf3 c5 2. b3 Nc6 3. Bb2 Nf6 4. e3 e6 5. Nc3 g6 6. d4 cxd4 7. exd4 Bg7 8. Be2
O-O 9. O-O a6 10. Qd2 b5 11. Rad1 d5 12. Ne5 Bb7 13. Nxc6 Bxc6 14. g4 Qc7 15.
Ba3 Rfc8 16. Bc5 Nd7 1/2-1/2

[Event "Open 2004 des PSV Rostock"]
[Site "Rostock"]
[Date "2004.08.28"]
[Round "6.30"]
[White "Prueter, Reinhard"]
[Black "Mueggenburg, Rolf"]
[Result "1-0"]
[WhiteElo "1637"]
[BlackElo "1502"]
[PlyCount "45"]
[EventDate "2004.08.26"]
[EventType "swiss"]
[EventRounds "7"]
[EventCountry "GER"]
[Source "Th. Schwetlick"]
[SourceDate "2004.09.01"]

1. e4 c6 2. d4 d5 3. Nd2 dxe4 4. Nxe4 Bf5 5. Ng3 Bg6 6. Nf3 h6 7. c3 e6 8. Ne5
Bh7 9. Bd3 Nf6 10. O-O Nbd7 11. Bxh7 Nxh7 12. f4 Qe7 13. f5 O-O-O 14. Bf4 Nb6
15. Qb3 Qe8 16. Rae1 Nd5 17. Bd2 Bd6 18. fxe6 f6 19. Nf7 Bxg3 20. hxg3 Rf8 21.
Nxd8 Qxd8 22. Qa3 Kb8 23. e7 1-0

[Event "Open 2004 des PSV Rostock"]
[Site "Rostock"]
[Date "2004.08.28"]
[Round "6.31"]
[White "Uphoff, Juergen"]
[Black "Henschke, Andrea"]
[Result "1/2-1/2"]
[WhiteElo "1445"]
[BlackElo "1600"]
[PlyCount "32"]
[EventDate "2004.08.26"]
[EventType "swiss"]
[EventRounds "7"]
[EventCountry "GER"]
[Source "Th. Schwetlick"]
[SourceDate "2004.09.01"]

1. d4 Nf6 2. Nf3 g6 3. Bf4 Bg7 4. e3 d6 5. c4 O-O 6. Nc3 Nbd7 7. b4 Nh5 8. Bg5
c5 9. a3 cxd4 10. exd4 h6 11. Be3 b6 12. Qd2 Kh7 13. Be2 Bb7 14. O-O Rc8 15.
Rac1 Nhf6 16. Nd1 Ne4 1/2-1/2

[Event "Open 2004 des PSV Rostock"]
[Site "Rostock"]
[Date "2004.08.28"]
[Round "6.32"]
[White "Ehlers, Michael"]
[Black "Modrow, Andreas"]
[Result "1-0"]
[WhiteElo "1592"]
[BlackElo "1161"]
[PlyCount "121"]
[EventDate "2004.08.26"]
[EventType "swiss"]
[EventRounds "7"]
[EventCountry "GER"]
[Source "Th. Schwetlick"]
[SourceDate "2004.09.01"]

1. f4 d5 2. Nf3 Nc6 3. e3 Nf6 4. b3 Bg4 5. h3 Bxf3 6. Qxf3 e5 7. Bb2 e4 8. Qf2
Bb4 9. Nc3 Ne7 10. Be2 Qd7 11. g4 O-O-O 12. a4 Qe6 13. g5 Nd7 14. Bg4 Nf5 15.
Nb5 g6 16. Bxh8 Rxh8 17. Nxa7+ Kb8 18. Nb5 Nb6 19. Nd4 Qd7 20. a5 Nc8 21. O-O
Nce7 22. c3 Bd6 23. Qe2 c6 24. b4 h5 25. Bxf5 Nxf5 26. Kh2 Nxd4 27. cxd4 Bxb4
28. Rfb1 Be7 29. a6 b5 30. Rc1 Ka7 31. Qd1 Rc8 32. Qc2 Qc7 33. Kg2 Bf8 34. Qa2
Bb4 35. Rab1 Be7 36. Rxb5 cxb5 37. Rxc7+ Rxc7 38. Kf2 Rd7 39. Qa5 Bd8 40. Qxb5
Re7 41. Qxd5 Bb6 42. Qd6 Rc7 43. Qe5 Kxa6 44. Qxe4 Ba5 45. d3 Ka7 46. d5 Kb8
47. d6 Rc2+ 48. Kf3 Kc8 49. Qa8+ Kd7 50. Qxa5 Kxd6 51. Qe5+ Kd7 52. d4 Rd2 53.
Qb5+ Ke6 54. Ke4 f5+ 55. gxf6 Kxf6 56. Qe5+ Kf7 57. d5 Rd1 58. Qe6+ Kg7 59. d6
Kh6 60. Qf6 Rd2 61. Qh8# 1-0

[Event "Open 2004 des PSV Rostock"]
[Site "Rostock"]
[Date "2004.08.28"]
[Round "6.34"]
[White "Mangold, Thomas"]
[Black "Schmidt, Wolfgang"]
[Result "0-1"]
[WhiteElo "1208"]
[BlackElo "1859"]
[PlyCount "58"]
[EventDate "2004.08.26"]
[EventType "swiss"]
[EventRounds "7"]
[EventCountry "GER"]
[Source "Th. Schwetlick"]
[SourceDate "2004.09.01"]

1. e4 c5 2. Nf3 e6 3. d4 cxd4 4. Nxd4 Bc5 5. Be3 Qb6 6. b3 Nc6 7. c3 Nf6 8. f3
e5 9. Nxc6 Bxe3 10. Nxe5 Bf2+ 11. Kd2 d5 12. Qe2 O-O 13. Nd3 Bh4 14. Kc2 dxe4
15. fxe4 Bg4 16. Qd2 Nxe4 17. Qf4 f5 18. h3 Bg5 19. Qe5 Bh5 20. Na3 Rae8 21.
Nc4 Qd8 22. Qa5 b6 23. Qxa7 Ng3 24. Rg1 Be2 25. Nde5 Rxe5 26. Re1 Nxf1 27.
Rgxf1 Bd3+ 28. Kb2 Rxe1 29. Rxe1 Bxc4 0-1

[Event "Open 2004 des PSV Rostock"]
[Site "Rostock"]
[Date "2004.08.28"]
[Round "6.36"]
[White "Obodzinskiy, Slava"]
[Black "Moeller, Gerhard"]
[Result "1-0"]
[WhiteElo "1201"]
[BlackElo "1380"]
[PlyCount "41"]
[EventDate "2004.08.26"]
[EventType "swiss"]
[EventRounds "7"]
[EventCountry "GER"]
[Source "Th. Schwetlick"]
[SourceDate "2004.09.01"]

1. e4 c5 2. Nf3 d6 3. d4 cxd4 4. Nxd4 Nf6 5. Nc3 g6 6. Be3 Bg7 7. Qd2 O-O 8.
Be2 a6 9. h4 Nc6 10. Nxc6 bxc6 11. h5 Re8 12. hxg6 hxg6 13. Bh6 Nh5 14. Bxg7
Kxg7 15. Bxh5 Rh8 16. Qg5 Rh6 17. O-O-O f6 18. Qg3 Qh8 19. Bxg6 Rxg6 20. Qxg6+
Kxg6 21. Rxh8 1-0

[Event "Open 2004 des PSV Rostock"]
[Site "Rostock"]
[Date "2004.08.29"]
[Round "7.1"]
[White "Rudolf, Henrik"]
[Black "Weglarz, Leszek"]
[Result "1/2-1/2"]
[WhiteElo "2322"]
[BlackElo "2305"]
[PlyCount "35"]
[EventDate "2004.08.26"]
[EventType "swiss"]
[EventRounds "7"]
[EventCountry "GER"]
[Source "Th. Schwetlick"]
[SourceDate "2004.09.01"]

1. e4 e5 2. Nf3 Nf6 3. Nxe5 d6 4. Nf3 Nxe4 5. d4 Be7 6. Bd3 Nf6 7. c4 O-O 8.
Nc3 Re8 9. h3 Bf8+ 10. Be3 Nc6 11. O-O h6 12. d5 Ne5 13. Nxe5 dxe5 14. c5 b6
15. b4 a5 16. bxa5 bxc5 17. Rb1 Rxa5 18. Rb8 1/2-1/2

[Event "Open 2004 des PSV Rostock"]
[Site "Rostock"]
[Date "2004.08.29"]
[Round "7.2"]
[White "Ruebensam, Helmut"]
[Black "Seils, Joerg"]
[Result "1-0"]
[WhiteElo "2184"]
[BlackElo "2366"]
[PlyCount "79"]
[EventDate "2004.08.26"]
[EventType "swiss"]
[EventRounds "7"]
[EventCountry "GER"]
[Source "Th. Schwetlick"]
[SourceDate "2004.09.01"]

1. e4 c5 2. Nf3 d6 3. c3 Nf6 4. h3 Nbd7 5. Bd3 g6 6. Bc2 Bg7 7. O-O O-O 8. d4
Qc7 9. d5 a6 10. a4 b6 11. c4 e5 12. dxe6 fxe6 13. Nc3 Nh5 14. Be3 Ne5 15. Nxe5
Bxe5 16. Qd2 Nf4 17. g3 g5 18. Kh2 Rf6 19. Rg1 Kh8 20. Raf1 Bb7 21. f3 d5 22.
gxf4 Rxf4 23. Kg2 d4 24. Bxf4 Bxf4 25. Qd3 dxc3 26. Qxc3+ Be5 27. Qe1 Rd8 28.
Kh1 Qe7 29. Qe3 Rg8 30. Qb3 Qc7 31. Rd1 Bc6 32. Rg2 a5 33. Qe3 Qf7 34. Rg4 Qf6
35. b3 Be8 36. Rf1 Bh5 37. Rg2 Qh6 38. f4 Bxf4 39. Qc3+ e5 40. Rxf4 1-0

[Event "Open 2004 des PSV Rostock"]
[Site "Rostock"]
[Date "2004.08.29"]
[Round "7.3"]
[White "Lisek, Juergen"]
[Black "Hetey, Laszlo"]
[Result "1-0"]
[WhiteElo "2290"]
[BlackElo "2336"]
[PlyCount "57"]
[EventDate "2004.08.26"]
[EventType "swiss"]
[EventRounds "7"]
[EventCountry "GER"]
[Source "Th. Schwetlick"]
[SourceDate "2004.09.01"]

1. e4 c5 2. Nf3 d6 3. d4 cxd4 4. Nxd4 Nf6 5. Nc3 e6 6. Be3 Nc6 7. Bc4 a6 8. Qe2
Be7 9. O-O-O Qc7 10. Bb3 b5 11. g4 Na5 12. g5 Nxb3+ 13. axb3 Nd7 14. h4 b4 15.
Na4 Nc5 16. f3 Bd7 17. Kb1 O-O 18. h5 Rab8 19. g6 Bf6 20. Qh2 Bxa4 21. bxa4 b3
22. cxb3 Nxb3 23. h6 gxh6 24. g7 Rfc8 25. Qxh6 Bxg7 26. Rdg1 Nd2+ 27. Ka1 Nb3+
28. Nxb3 f5 29. Qxe6+ 1-0

[Event "Open 2004 des PSV Rostock"]
[Site "Rostock"]
[Date "2004.08.29"]
[Round "7.4"]
[White "Gottschalk, Jens"]
[Black "Zimmermann, Hendrik"]
[Result "1/2-1/2"]
[WhiteElo "2239"]
[BlackElo "2105"]
[PlyCount "39"]
[EventDate "2004.08.26"]
[EventType "swiss"]
[EventRounds "7"]
[EventCountry "GER"]
[Source "Th. Schwetlick"]
[SourceDate "2004.09.01"]

1. d4 f5 2. e4 fxe4 3. Nc3 Nf6 4. Bg5 Nc6 5. d5 Ne5 6. Qe2 c6 7. O-O-O Nf7 8.
h4 cxd5 9. Nxd5 e6 10. Nc3 Qa5 11. Nxe4 Nxe4 12. Qxe4 Qxa2 13. c3 a6 14. Bd3 d5
15. Qe3 Bd7 16. Bb1 Qa5 17. Nf3 Rc8 18. Nd4 Ba3 19. Rd3 Bc5 20. Qg3 1/2-1/2

[Event "Open 2004 des PSV Rostock"]
[Site "Rostock"]
[Date "2004.08.29"]
[Round "7.5"]
[White "Reschke, Heiko"]
[Black "Porsch, Harald"]
[Result "0-1"]
[WhiteElo "2085"]
[BlackElo "2238"]
[PlyCount "76"]
[EventDate "2004.08.26"]
[EventType "swiss"]
[EventRounds "7"]
[EventCountry "GER"]
[Source "Th. Schwetlick"]
[SourceDate "2004.09.01"]

1. c4 Nf6 2. Nc3 d6 3. g3 g6 4. Bg2 Bg7 5. e4 c5 6. Nge2 Nc6 7. d3 O-O 8. O-O
Bd7 9. h3 a6 10. f4 Rb8 11. g4 h6 12. Ng3 b5 13. Kh1 e6 14. cxb5 axb5 15. Be3
Qe7 16. Qd2 Nxg4 17. hxg4 Qh4+ 18. Kg1 Qxg3 19. g5 Qxe3+ 20. Qxe3 Bd4 21. Qxd4
Nxd4 22. e5 d5 23. gxh6 b4 24. Nd1 Bb5 25. Ne3 Bxd3 26. Rf2 Be2 27. Bh3 c4 28.
Bg4 Bd3 29. Bd1 Rfc8 30. Rd2 Ra8 31. Kf2 Ra7 32. b3 Nxb3 33. Bxb3 cxb3 34. Rxd3
Rxa2+ 35. Rxa2 bxa2 36. Rd1 b3 37. h7+ Kh8 38. Ng4 b2 0-1

[Event "Open 2004 des PSV Rostock"]
[Site "Rostock"]
[Date "2004.08.29"]
[Round "7.7"]
[White "Scholz, Alexander"]
[Black "Drill, Frank"]
[Result "1-0"]
[WhiteElo "2084"]
[BlackElo "2175"]
[PlyCount "79"]
[EventDate "2004.08.26"]
[EventType "swiss"]
[EventRounds "7"]
[EventCountry "GER"]
[Source "Th. Schwetlick"]
[SourceDate "2004.09.01"]

1. c4 e5 2. Nc3 Bb4 3. Qc2 Nc6 4. e3 Nge7 5. Nd5 a5 6. a3 Bd6 7. Ne2 Nxd5 8.
cxd5 Ne7 9. Nc3 c6 10. dxc6 dxc6 11. Be2 O-O 12. d3 Ng6 13. Ne4 f5 14. Nxd6
Qxd6 15. Bd2 f4 16. h4 fxe3 17. Bxe3 Be6 18. Bc5 Qd5 19. Bxf8 Qxg2 20. O-O-O
Rxf8 21. Qc5 Qxf2 22. Qxf2 Rxf2 23. Rd2 Nf4 24. Bd1 Bf5 25. Bc2 Rf3 26. Re1 Rh3
27. Rxe5 Bxd3 28. Bb3+ Kf8 29. Rf2 Rxh4 30. Kd2 a4 31. Bxa4 Kf7 32. Ke3 g5 33.
Rxg5 Kf6 34. Rxf4+ Kxg5 35. Rxh4 Kxh4 36. Kxd3 h5 37. Kd4 Kg3 38. Bc2 Kf2 39.
Be4 Ke2 40. a4 1-0

[Event "Open 2004 des PSV Rostock"]
[Site "Rostock"]
[Date "2004.08.29"]
[Round "7.8"]
[White "Schroeder, Christian"]
[Black "Hornych, Christoph"]
[Result "0-1"]
[WhiteElo "2100"]
[BlackElo "2157"]
[PlyCount "113"]
[EventDate "2004.08.26"]
[EventType "swiss"]
[EventRounds "7"]
[EventCountry "GER"]
[Source "Th. Schwetlick"]
[SourceDate "2004.09.01"]

1. c4 Nf6 2. Nc3 d5 3. cxd5 Nxd5 4. d4 g6 5. e4 Nxc3 6. bxc3 Bg7 7. Bc4 c5 8.
Ne2 Nc6 9. Be3 cxd4 10. cxd4 O-O 11. O-O a6 12. Rc1 Bd7 13. Qd2 b5 14. Bd5 Rc8
15. Bxc6 Bxc6 16. d5 Bb7 17. Rxc8 Qxc8 18. Rc1 Qd7 19. Bd4 Rd8 20. Bxg7 Kxg7
21. Rc5 Rc8 22. Qc3+ Kg8 23. Nd4 Rxc5 24. Qxc5 Qd6 25. Qxd6 exd6 26. f4 f5 27.
exf5 Bxd5 28. a3 Bc4 29. Kf2 a5 30. fxg6 hxg6 31. Ke3 Kf7 32. Nc6 a4 33. Kd4
Ke6 34. Nb4 Kf5 35. Ke3 Kg4 36. Nc2 Bf1 37. Nd4 b4 38. axb4 a3 39. Nb3 Bxg2 40.
b5 Kh3 41. b6 Kxh2 42. Nc1 Kg3 43. Nb3 a2 44. Na1 Kg4 45. Nc2 Bb7 46. Na1 Kf5
47. Nc2 Ke6 48. Kd4 Kd7 49. Kc3 Be4 50. Na1 Kc6 51. Kb2 Bd5 52. Nc2 Kxb6 53.
Kc3 Be4 54. Na1 Kc5 55. Nb3+ Kd5 56. Kb2 Kc4 57. Na1 0-1